000 003170000a22001450004500
003 MACL
040 _aMACL
090 _c49779
_d49777
100 _aAhmad,Shehzad
245 _aGreat Scientists of India
260 _aNew Delhi
_bRishabh Books
_c2012
350 _a490
650 _aBiography
942 _cBOOK
_k920/AHM
999 _c49252
_d49252